000 00954 am a2200289ua 4500
001 012029980
005 20170619150144.0
008 890714s1989 enk | 000 | eng
015 _aGB8867424
_2bnb
020 _a9231025813 (Unesco)
020 _a1853020303 (pbk) :
_c£8.95
039 0 _a2047
040 _aUk
_cUk
050 0 0 _aLC5219
082 0 4 _a374
_219
100 1 _aBhola, H.S.
245 1 0 _aWorld trends and issues in adult education /
_cH. S. Bhola ; prepared for the International Bureau of Education.
260 _aLondon :
_bKingsley in association with Unesco,
_c1989.
300 _a177p. ;
_c22cm.
490 1 _aEducational sciences
650 0 _aAdult education.
690 7 _aSocial Welfare
_2blcoll
710 2 _aInternational Bureau of Education.
830 0 _aEducational sciences
886 2 _2ukmarc
_a910
_b20
_aUnesco
_cInternational Bureau of Education
_xSee
_aInternational Bureau of Education
_z710
942 _2ddc
999 _c63873
_d63847